Eastern Europe Map (Click the name) - Statistics

General Stats
  • This quiz has been taken 1,766 times
  • The average score is 18 of 21
Answers on the Map
Answers color-coded by a green-red scale on the quiz's map according to % correct below.
 
Answer Stats
Answer % Correct
Russia
98%
Poland
95%
Ukraine
95%
Romania
91%
Lithuania
90%
Latvia
89%
Belarus
88%
Croatia
88%
Czech Republic
87%
Estonia
87%
Hungary
84%
Moldova
84%
Bosnia and Herzegovina
82%
Kosovo
82%
Albania
81%
Bulgaria
81%
North Macedonia
81%
Serbia
81%
Slovenia
81%
Slovakia
79%
Montenegro
74%
No matching quizzes found
Score Distribution
Percent of People with Each Score
Percentile by Number Answered
Your Score History
You have not taken this quiz